Biggest Cities in China - Statistics

General Stats
  • This quiz has been taken 160,052 times
    125,308 since last reset
  • The average score is 11 of 20
Answer Stats
Population City % Correct
20.9 m Beijing
99%
40.0 m Shanghai / Suzhou
97%
67.8 m Guangzhou / Shenzhen
91%
11.8 m Wuhan
80%
7.30 m Hong Kong
78%
12.3 m Xi'an
72%
10.5 m Chongqing
62%
11.4 m Tianjin
62%
16.6 m Chengdu
61%
9.05 m Nanjing
57%
14.5 m Xiamen
49%
13.3 m Hangzhou
45%
7.25 m Qingdao
39%
6.35 m Jinan
35%
8.55 m Shenyang
33%
10.5 m Changsha
31%
9.45 m Zhengzhou
31%
7.50 m Hefei
27%
7.10 m Ningbo
21%
8.00 m Shantou
18%
No matching quizzes found
Score Distribution
Percent of People with Each Score
Percentile by Number Answered
Your Score History
You have not taken this quiz since the last reset